1863 1733 1765 1301 1339 1744 1815 1870 1028 1913 1876 1337 1705 1106 1278 1664 1601 1094 1439 1257 1793 1582 1398 1557 1745 1859 1474 1427 1383 1334 1925 1804 1396 1893 1294 1614 1151 1694 1648 1977 1720 1012 1031 1373 1973 1076 1706 1423 1778 1937 1464 1158 1747 1164 1103 1788 1977 1016 1238 1424 1096 1107 1380 1904 1846 1230 1391 1926 1240 1533 1231 1166 1119 1217 1573 1569 1141 1472 1207 1679 1216 1362 1297 1745 1378 1882 1597 1818 1231 1075 1676 1474 1321 1338 1322 1580 1927 1145 1230 BCNSPRNW ULIB Ver.6.0+V

เปลี่ยนเป็นภาษาไทย

Change to English
 แสดงรายละเอียดบรรณานุกรม
  กลับหน้าหลัก

Brief Record : Get Marc (ISO 2709) : E-mail record : QR code < ปิดหน้าต่าง
LEADER : 00000nam 2200000uu 4500
001    13399111971
003     ULIB
008    110713s2542||||th 000 0 tha d
020    9746111361 (ล.2)
060 04 WA525^bกร513 ล.2 2542
245 00 การบริหารสาธารณสุขทั่วไป หน่วยที่ 8-15 =^bGeneral health management /^cสาขาวิชาวิทยาศาสตร์สุขภาพ มหาวิทยาลัยสุโขทัยธรรมาธิราช
246 31 General health management
250    พิมพ์ครั้งที่ 15
260    [นนทบุรี] :^bสำนักพิมพ์มหาวิทยาลัยสุโขทัยธรรมาธิราช,^c2542
300    2 เล่ม ;^c30 ซม.
500    "เอกสารการสอนชุดวิชา 52301 หน่วยที่ 8-15"- หน้าปกใน
500    สิ่งพิมพ์ของ มหาวิทยาลัยสุโขทัยธรรมาธิราชสาขาวิชาวิทยาศาสตร์สุขภาพ
650  4 สาธารณสุข, การบริหาร
710 2  มหาวิทยาลัยสุโขทัยธรรมาธิราช. ^bสาขาวิชาวิทยาศาสตร์สุขภาพ
945    ^p0^l0^i18407
945    ^p0^l0^i18408
945    ^p0^l0^i14876
995    กัณชพร
999 ^a ใช้งานได้ทุกระบบ
รายการนี้ยังไม่มีแท็ก
คุณยังไม่ได้ล็อกอิน คุณสามารถมีกิจกรรมร่วมกับเว็บไซต์ได้ แต่ต้องล็อกอินก่อน ::
  ล็อกอิน

รายการสื่อสารสนเทศ

ลำดับที่ ประเภท เลขเรียก/บาร์โค้ด สถานที่ สถานะ
- ไม่พบข้อมูล -

รายการใกล้เคียง
    หัวเรื่อง [สาธารณสุข, การบริหาร]

BibComment


ยังไม่เคยถูกคอมเมนท์

คอมเมนท์ทรัพยากรรายการนี้
  คอมเมนท์: การบริหารสาธารณสุ..


 Copyright 2026. Bcnsprnw @Library